000 00470nam a2200193Ia 4500
005 20240823033743.0
008 240823s9999||||xx |||||||||||||| ||und||
020 _a3-524-30359-6
041 _aENGLISH
082 _A620.118 P3
100 _aAjayan P M et al.
245 0 _aNanocomposite Science and Technology
250 _a1st
260 _c2003
_bwiley
500 _aTRANSFERED
650 _aNanocomposites
_bNano Technology
942 _cBK
999 _c196573
_d196573